000 01395nab a22002417a 4500
999 _c5261
_d5261
003 OSt
005 20250209211620.0
008 190603e xxum|||| |||| 00| 0 spa d
040 _cPJ
100 _96314
_aOvejero Silva, Bruno
245 1 3 _aLos aspectos problemáticos del método de diálogo o armonización de las fuentes del derecho privado. Un análisis crítico a partir del anteproyecto de Código de Defensa del Consumidor /
_cBruno Ovejero Silva.
260 _cCiudad Autónoma de Buenos Aires :
_aThomson Reuters La Ley,
_b2025.
300 _ap. 313 - 326.
500 _aCita Online: TR LALEY AR/DOC/35/2025. Publicado en: RCCyC 2025 (febrero) , 313.
505 _aSumario: I. Introducción.— II. Del diálogo de fuentes a la armonización.— III. El objeto del diálogo: las fuentes.— IV. La finalidad del diálogo: la solución de antinomias.— V. El diálogo como propuesta metodológica.— VI. A modo de conclusión.
505 _t¿Te interesa el texto completo? Solicitalo al correo: koha@justierradelfuego.gov.ar
650 0 _92597
_aDEFENSA DEL CONSUMIDOR
650 0 _92630
_aFUENTES DEL DERECHO
650 0 _9755
_aCONTROL DE CONSTITUCIONALIDAD
650 0 _93533
_aINTERPRETACION DE LA LEY
773 0 _02713
_93170
_dCiudad Autónoma de Buenos Aires : Thomson Reuters La Ley, 2015-
_tRevista Código Civil y Comercial. Nº 1 - Febrero 2025
942 _2udc
_cANA